Learning to manage global environmental risks (Record no. 230853)

MARC details
000 -LEADER
fixed length control field 00709nam a2200229Ia 4500
008 - FIXED-LENGTH DATA ELEMENTS--GENERAL INFORMATION
fixed length control field 191130s2001##################000#0#eng##
020 ## - INTERNATIONAL STANDARD BOOK NUMBER
ISBN 9780262692397
082 ## - DEWEY DECIMAL CLASSIFICATION NUMBER
Classification number 363.705 BOL.2
245 ## - TITLE STATEMENT
Title Learning to manage global environmental risks
Statement of responsibility, etc the Social Learning Group
260 ## - PUBLICATION, DISTRIBUTION, ETC. (IMPRINT)
Place of publication Cambridge, MA
Name of publisher MIT Press
Year of publication c2001
300 ## - PHYSICAL DESCRIPTION
Number of Pages 2 v. : ill. ; 29 cm
500 ## - GENERAL NOTE
General note Includes bibliographical references and indexes
650 ## - SUBJECT ADDED ENTRY--TOPICAL TERM
Topical Term Environmental management
Topical Term Environmental policy
Topical Term Global environmental change
710 ## - ADDED ENTRY--CORPORATE NAME
Corporate name or jurisdiction name as entry element Social Learning Group
991 ## -
-- 357290
Holdings
Withdrawn status Lost status Damaged status Not for loan Home library Current library Date acquired Full call number Accession Number Price effective from Koha item type
        Anna Centenary Library Anna Centenary Library 13.10.2020 363.705 BOL.2 464668 13.10.2020 English Books

Find us on the map